| 000 | 00542nam a2200169Ia 4500 | ||
|---|---|---|---|
| 999 |
_c11487 _d11487 |
||
| 003 | OSt | ||
| 005 | 20210122122608.0 | ||
| 008 | 190216s9999||||xx |||||||||||||| ||und|| | ||
| 020 | _a9788172544802 | ||
| 040 | _coclc | ||
| 082 |
_a330 _bKUM/C |
||
| 100 |
_a Kumar, T Prakash _91029 |
||
| 245 | 0 |
_aCivil Services Preliminary Exam General Studies Economics / _cT Prakash Kumar ; V V K Subburaj |
|
| 260 |
_bSura College Of Competition, _c2015. _aChennai: |
||
| 300 | _a120p | ||
| 942 |
_cREF _2ddc _h330 _iKUM/C _k330 _mKUM/C |
||